| 000 | 01045cam a22002893a 4500 | ||
|---|---|---|---|
| 001 | 23291 | ||
| 003 | PGUSA | ||
| 005 | 20140828083509.0 | ||
| 008 | 071102s2007||||xxu|||||s|||||000 | eng d | ||
| 040 |
_aPGUSA _beng |
||
| 042 | _adc | ||
| 050 | 4 | _aDA | |
| 100 | 1 | _aUnknown | |
| 245 | 1 | 0 |
_aSinks of London Laid Open : _bA Pocket Companion for the Uninitiated, to Which is Added a Modern Flash Dictionary Containing all the Cant Words, Slang Terms, and Flash Phrases Now in Vogue, with a List of the Sixty Orders of Prime Coves _h[electronic resource] / _cUnknown |
| 260 |
_bProject Gutenberg, _c2007 |
||
| 506 | _aPublic domain in the USA. | ||
| 516 | _aElectronic text | ||
| 653 | _aVice | ||
| 653 | _aEnglish language -- Slang -- Dictionaries | ||
| 653 | _aLondon (England) -- Description and travel | ||
| 653 | _aCant | ||
| 653 | _aLondon (England) -- Social life and customs | ||
| 700 | 1 |
_aCruikshank, George, _d1792-1878 |
|
| 830 | 0 |
_aProject Gutenberg _v23291 |
|
| 856 | 4 | 0 | _uhttp://www.gutenberg.org/ebooks/23291 |
| 942 | _cEB | ||
| 999 |
_c252546 _d252546 |
||